Bude Revúca bez kúpaliska?

Bibliographic Details
Main Author: (jg) (Author)
Format: Article
Language:Slovak
Subjects:

MARC

LEADER 00000nab a2200000 a 4500
001 vtls001000035
003 SK-MaSNL
005 20260303041510.0
008 040720e19950627xo 0 slo
035 |a RV636 
040 |a RVGKPD  |b slo  |c RVGKPD  |e AACR2 
041 0 |a slo 
044 |a xo  |c SK 
080 |a 725.74  |2 1981 
100 0 |a (jg)  |4 aut  |9 852125 
245 1 0 |a Bude Revúca bez kúpaliska? 
650 0 7 |a kúpaliská  |2 RVGKPD  |9 4394 
650 0 7 |a rekonštrukcie  |2 RVGKPD  |9 24616 
651 7 |a Revúca (Slovensko)  |2 RVGKPD  |9 31503 
655 7 |a periodikum  |2 snkbucl  |9 29553 
773 0 8 |t Zora Gemera  |g Roč. 44, č.26, 27.6.1995, s. 4 
852 |a ZVYKNI  |b KIS3GCP 
999 |c 1687285  |d 1689215